A comparison of farmland returns in Australia, Canada, New Zealand and United States (Record no. 108759)

MARC details
000 -LEADER
fixed length control field 01470cad a22002895a 4500
001 - CONTROL NUMBER
control field L145325
008 - FIXED-LENGTH DATA ELEMENTS--GENERAL INFORMATION
fixed length control field 080929e20080925xxka f s 000 0 eng d
035 ## - SYSTEM CONTROL NUMBER
System control number (Sirsi) u145325
041 0# - LANGUAGE CODE
Language code of text/sound track or separate title eng
050 04 - LIBRARY OF CONGRESS CALL NUMBER
Classification number 333.332 $2 18
100 1# - MAIN ENTRY--PERSONAL NAME
Personal name Eves, Chris
111 2# - MAIN ENTRY--MEETING NAME
Meeting name or jurisdiction name as entry element RICS Roots Rural Research Conference
Location of meeting Trinity College, Oxford
Date of meeting or treaty signing 17-18 March 2008
245 02 - TITLE STATEMENT
Title A comparison of farmland returns in Australia, Canada, New Zealand and United States
Medium [electronic resource]
260 ## - PUBLICATION, DISTRIBUTION, ETC.
Place of publication, distribution, etc. London
Name of publisher, distributor, etc. RICS
Date of publication, distribution, etc. 2008
505 2# - FORMATTED CONTENTS NOTE
Formatted contents note Methodology and data -- Results and analysis -- Return to farmland ownership
520 ## - SUMMARY, ETC.
Summary, etc. This conference paper looks at rural land as a property asset class and carries out a detailed analysis of rural production and land prices in Australia, Canada, New Zealand and the United States. The period covered is 1990-2005 and the authors compare capital returns and total returns perfomance, allowing for a comparison between farm land returns for both subsidised and non-subsidised policies.
521 ## - TARGET AUDIENCE NOTE
Target audience note Advanced
590 ## - LOCAL NOTE (RLIN)
Local note KA
651 #4 - SUBJECT ADDED ENTRY--GEOGRAPHIC NAME
Geographic name Australia
651 #4 - SUBJECT ADDED ENTRY--GEOGRAPHIC NAME
Geographic name Canada
651 #4 - SUBJECT ADDED ENTRY--GEOGRAPHIC NAME
Geographic name New Zealand
Chronological subdivision 1947-
651 #4 - SUBJECT ADDED ENTRY--GEOGRAPHIC NAME
Geographic name United States
Chronological subdivision 1959-
690 ## - LOCAL SUBJECT ADDED ENTRY--TOPICAL TERM (OCLC, RLIN)
Topical term or geographic name as entry element PROPERTY-RURAL AND NATURAL ASSETS-AGRICULTURAL PROPERTY
700 1# - ADDED ENTRY--PERSONAL NAME
Personal name Painter, Marv
856 40 - ELECTRONIC LOCATION AND ACCESS
Uniform Resource Identifier <a href="https://www.researchgate.net/publication/38183736_A_comparison_of_farmland_returns_in_Australia_Canada_New_Zealand_and_United_States">https://www.researchgate.net/publication/38183736_A_comparison_of_farmland_returns_in_Australia_Canada_New_Zealand_and_United_States</a>
Public note Available on ResearchGate
942 ## - ADDED ENTRY ELEMENTS (KOHA)
Suppress in OPAC 0
Source of classification or shelving scheme Dewey Decimal Classification
Holdings
Withdrawn status Lost status Source of classification or shelving scheme Damaged status Not for loan Home library Current library Shelving location Date acquired Total Checkouts Full call number Date last seen Copy number Price effective from Koha item type
    Dewey Decimal Classification     Virtual Virtual Online 29/09/2008   ONLINE PUBLICATION 16/10/2024 1 06/08/2019 Online material